|
|
|
|
| LEADER |
01258nam a22003372i 4500 |
| 001 |
001512263 |
| 003 |
CZ BrMZK |
| 005 |
20160720113817.0 |
| 007 |
ta |
| 008 |
160218s1989 xo a er|||||||||||slo d |
| 040 |
|
|
|a ABA001
|b cze
|c ABA001
|d ABA001
|d BOA001
|e rda
|
| 041 |
1 |
|
|a slo
|h fre
|
| 080 |
9 |
|
|a 840-93-311.3=854
|
| 100 |
1 |
|
|a Guillot, René,
|d 1900-1969
|7 xx0019296
|4 aut
|
| 240 |
1 |
0 |
|a Compagnons de la Fortune.
|l Slovensky
|
| 245 |
1 |
0 |
|a Pirátov odkaz /
|c René Guillot ; z francouzského originálu Les compagnons de la Fortune preložila Mariana Pauliny-Danielisová ; ilustroval Peter Ondreička
|
| 250 |
|
|
|a 2. vydanie
|
| 264 |
|
1 |
|a Bratislava :
|b Mladé letá,
|c 1989
|
| 300 |
|
|
|a 213 stran :
|b ilustrace ;
|c 8°
|
| 336 |
|
|
|a text
|b txt
|2 rdacontent
|
| 337 |
|
|
|a bez média
|b n
|2 rdamedia
|
| 338 |
|
|
|a svazek
|b nc
|2 rdacarrier
|
| 490 |
1 |
|
|a Klub mladých čitateľov
|
| 521 |
8 |
|
|a Pro čtenáře od 11 let
|
| 700 |
1 |
|
|a Ondreička, Peter,
|d 1947-1990
|7 mzk2004228204
|4 ill
|
| 700 |
1 |
|
|a Pauliny-Danielisová, Mariana,
|d 1947-
|7 xx0082405
|4 trl
|
| 830 |
|
0 |
|a Klub mladých čitateľov
|
| 910 |
|
|
|a BOA001
|b M2-0945.702
|
| 990 |
|
|
|a BK
|
| 991 |
|
|
|b 201602
|
| 996 |
7 |
|
|b 2619153440
|c M2-0945.702
|l MZK
|r Sklad / do 24 hodin
|n 0
|w 001547525
|u 000010
|a 1
|e BOA001
|j MZK50
|s A
|